Príjmy z podnikania a inej samostatnej zárobkovej činnosti
Výklad zákona o dani z príjmov, z podnikania a inej samostatnej zárobkovej činnosti. Daň z príjmov právnických osôb. Príjmy oslobodené od daní. Určovanie ročného základu dane.
Na minha lista:
| Autor principal: | |
|---|---|
| Formato: | Capítulo de Livro |
| Idioma: | eslovaco |
| Assuntos: | |
| Tags: |
Sem tags, seja o primeiro a adicionar uma tag!
|
MARC
| LEADER | 00000naa a2200000 4500 | ||
|---|---|---|---|
| 001 | r015832 | ||
| 005 | 20221205080828.6 | ||
| 041 | 0 | |a slo | |
| 044 | |a SK | ||
| 245 | 1 | 0 | |a Príjmy z podnikania a inej samostatnej zárobkovej činnosti |c Dagmar Piršelová |
| 520 | |a Výklad zákona o dani z príjmov, z podnikania a inej samostatnej zárobkovej činnosti. Daň z príjmov právnických osôb. Príjmy oslobodené od daní. Určovanie ročného základu dane. | ||
| 610 | 2 | 0 | |a dane z príjmov |
| 610 | 2 | 0 | |a príjmy obyvateľstva |
| 610 | 2 | 0 | |a zákony |
| 610 | 2 | 0 | |a predpisy právne |
| 100 | 1 | |a Piršelová, Dagmar | |